| 000 | 00691nam a2200205 i 4500 | ||
|---|---|---|---|
| 001 | 47097 | ||
| 003 | ES-MaACL | ||
| 005 | 20231227175040.0 | ||
| 007 | t| | ||
| 008 | 030403m19311949sp ||||1| spa d | ||
| 080 | _a7(460)(091) | ||
| 100 | 1 |
_aLozoya, Juan de Contreras y López de Ayala, _cMarqués de, _d1893-1978 _9129112 |
|
| 245 | 1 | 0 |
_aHistoria del arte hispánico / _cpor Marqués de Lozoya. |
| 260 |
_aBarcelona : _bSalvat, _c1931-49 ( _fImprenta Hispano-Americana) |
||
| 300 |
_a5 v. : _b222 lám. ; _c26 cm. |
||
| 650 | 0 | 4 |
_aArte español- _vHistoria. _910194 |
| 852 |
_aES-MaACL _jA-74-78 _bR.18353 |
||
| 852 |
_aES-MaACL _jB-4699-03 _bR.43598 |
||
| 999 |
_c47097 _d47097 |
||